000 00687nam a2200193Ia 4500
003 LDD
008 190117s9999 xx 000 0 und d
020 _a9789351862734
_c₹250
040 _cLDD
041 _ahi
082 _a8H3.7 शा76र
100 _aशाह, रमेशचन्द्र
245 0 _aरमेशचन्द्र शाह की लोकप्रिय कहानियां
_cरमेशचन्द्र शाह
260 _bप्रभात प्रकाशन
_c2016
300 _a176p.
901 _aKGP
904 _aReqst by : Jitendra kumar srivasta
942 _2ddc
_cH
999 _c171659
_d171659